000 00812nam a2200229Ii 4500
003 JO-AjNU
008 230605s9999||||xx |||||||||||||| ||und||
017 _a2008/4/1336
020 _a978-9957-36-228-7
040 _aJO-AjNU
_bara
_erda
_cJO-AjNU
041 _aara
050 1 4 _aBF1171 2009
100 3 _aالشرفاء، يوسف,
_eauthor
_961094
245 0 0 _aالتخاطر: خوارق الأفعال والعادات وفق طريقة الشاولين الصينية
250 _aط1
264 3 1 _aعمان: دار عالم الثقافة للنشر، 2009
300 _a230ص
336 _atext
_btxt
_2rdacontent
337 _aunmediated
_bn
_2rdamedia
338 _avolume
_bnc
_2rdacarrier
650 4 _aالعلاج النفسي- تحرير السلوك- التحليل النفسي
_961095
999 _aA27594
_c31162
_d31162